Tunnista ulkonäöltä kreikkalaiset kirjaimet - Äkkikuolema - Statistics

Yleistilastot
  • Tätä visaa on pelattu 58 kertaa
  • Keskiarvotulos 6 / 24
Answers on the Grid
Answers color-coded by a green-red scale on the quiz's grid according to % correct below.
Χ
Λ
И
Θ
Κ
Д
Ε
V
Φ
Ρ
Ш
Β
Ζ
Μ
Ϯ
Υ
Б
Ο
Ϧ
Ѣ
Ø
Α
Ν
Δ
Ω
R
Γ
Τ
G
Ϩ
Η
Ξ
R
Ι
Π
Þ
Ч
Σ
Я
Ψ
 
Vastaustilastot
Vastaus % Oikein
Ω
62%
Δ
54%
Σ
54%
Λ
51%
Φ
43%
Ψ
43%
Θ
35%
Χ
27%
Κ
22%
Ε
22%
Ξ
22%
Υ
19%
Ο
19%
Ρ
16%
Β
16%
Α
14%
Γ
14%
Η
11%
Π
11%
Μ
8%
Τ
8%
Ι
5%
Ζ
3%
Ν
3%
Ehtoja vastaavia visoja ei löytynyt
Tulosjakauma
Jokaisen tuloksen saaneiden osuus
Persentiili vastausten määrän mukaan
Tuloshistoriasi
Et ole pelannut tätä visaa